000 00341nam a22001457a 4500
008 230719b ||||| |||| 00| 0 eng d
020 _a978014111289
041 _aeng
080 _a52
082 _a52SEL
100 _a18
101 _aASTM
245 _aYHE ORIGIN AND EVOLUTION OF PLANETARY ATMOSPHERES
_cSELLERS H.A
942 _2udc
_cBK
999 _c60164
_d60164